000 01114dam0a2200289 4500
001 RU\NLR\BIBL_A\022465783
005 20250626004032.0
010 _94000
035 _a(NLR Aleph) 022465783
090 _a13366303
_c13366303
100 _a20250221d1941 |||y0rusy50 ca
101 0 _auzb
102 _aUZ
105 _aас z 001 y
181 0 _ai
_baxxe
182 0 _an
200 1 _aАдабиёт хрестоматияси
_eБошланғич мактабларнинг учинчи синфи учун
_fТузучилар Х. Расулов, Р. Шаропов
_hБиринчи қисм
203 _aТекст
_bвизуальный
_cнепосредственный
210 _aТошкент
_cЎзССР давлат нашриёти
_d1941
215 _a132 с
_cил., портр.
_d23 см
541 1 _aХрестоматия по литературе для 3 класса начальной школы
_zrus
700 1 _aРасулов
_bХ.
_4220
702 1 _aШарапов
_bР.
_4220
852 _aNLR
_bОНЛ
_jУзбек./2-1472
942 _cBOOK
980 _aNB